书目信息 |
| 题名: |
建筑装饰绘画基础-素描
|
|
| 作者: | 殷之明 主编 | |
| 分册: | ||
| 出版信息: | 北京 科学出版社 2007.07 |
|
| 页数: | 93页 | |
| 开本: | 26cm | |
| 丛书名: | 全国高职高专建筑装饰技术类系列规划教材 | |
| 单 册: | ||
| 中图分类: | TU204 | |
| 科图分类: | ||
| 主题词: | 建筑艺术--jian zhu yi shu--绘画--技法 (美术)--高等教育--教材 , 素描--su miao--技法 (美术)--高等教育--教材 | |
| 电子资源: | ||
| ISBN: | 978-7-03-019230-1 | |
| 000 | 01082nam 2200265 450 | |
| 001 | 012008888491 | |
| 005 | 20110328110257.10 | |
| 010 | @a978-7-03-019230-1@dCNY25.00 | |
| 100 | @a20080419d2007 em y0chiy0120 ea | |
| 101 | 0 | @achi |
| 102 | @aCN@b110000 | |
| 105 | @aa a 000yy | |
| 200 | 1 | @a建筑装饰绘画基础-素描@Ajian zhu zhuang shi hui hua ji chu-su miao@f殷之明主编@Fyin zhi ming zhu bian |
| 210 | @a北京@c科学出版社@d2007.07 | |
| 215 | @a93页@c图@d26cm | |
| 225 | 2 | @a全国高职高专建筑装饰技术类系列规划教材@Aquan guo gao zhi gao zhuan jian zhu zhuang shi ji shu lei xi lie gui hua jiao cai |
| 320 | @a有书目 | |
| 330 | @a本书是全国高职高专建筑装饰技术类系列规划教材之一。介绍了素描的概念、目的、素描的种类和各种素描的训练方法、作品欣赏。 | |
| 410 | 0 | @12001 @a全国高职高专建筑装饰技术类系列规划教材 |
| 606 | 0 | @a建筑艺术@Ajian zhu yi shu@x绘画@x技法 (美术)@x高等教育@j教材 |
| 606 | 0 | @a素描@Asu miao@x技法 (美术)@x高等教育@j教材 |
| 690 | @aTU204@v4 | |
| 701 | 0 | @a殷之明@Ayin zhi ming@4主编 |
| 801 | 0 | @aCN@bQSSK@c20110328 |
| 905 | @b294918-20@dTU204@eY587@f3 | |
| 建筑装饰绘画基础-素描/殷之明主编.-北京:科学出版社,2007.07 |
| 93页:图;26cm.-(全国高职高专建筑装饰技术类系列规划教材) |
| ISBN 978-7-03-019230-1:CNY25.00 |
| 本书是全国高职高专建筑装饰技术类系列规划教材之一。介绍了素描的概念、目的、素描的种类和各种素描的训练方法、作品欣赏。 |
| ● |
| 相关链接 |
|
|
|
正题名:建筑装饰绘画基础-素描
索取号:TU204/Y587
 
预约/预借
| 序号 | 登录号 | 条形码 | 馆藏地/架位号 | 状态 | 备注 |
| 1 | 294918 | 202949186 | 建筑库101/101建筑库 109排4列3层/ [索取号:TU204/Y587] | 在馆 | |
| 2 | 294919 | 202949195 | 建筑库101/101建筑库 109排4列3层/ [索取号:TU204/Y587] | 在馆 | |
| 3 | 294920 | 202949202 | 建筑库101/101建筑库 109排4列3层/ [索取号:TU204/Y587] | 在馆 | |
| 4 | 462882 | 204628821 | 城院文库/ [索取号:TU204/Y587] | 在馆 | |
| 5 | 462883 | 204628830 | 建筑库101/101建筑库 109排4列3层/ [索取号:TU204/Y587] | 在馆 | |
| 6 | 462884 | 204628849 | 建筑库101/101建筑库 109排4列3层/ [索取号:TU204/Y587] | 在馆 | |
| 7 | 462885 | 204628858 | 建筑库101/101建筑库 109排4列3层/ [索取号:TU204/Y587] | 在馆 | |
| 8 | 462886 | 204628867 | 建筑库101/101建筑库 109排4列3层/ [索取号:TU204/Y587] | 在馆 | |
| 9 | 462887 | 204628876 | 建筑库101/101建筑库 109排4列3层/ [索取号:TU204/Y587] | 在馆 |